| 000 | 00914nam a2200229 a 4500 | ||
|---|---|---|---|
| 005 | 20191224042305.0 | ||
| 008 | 160719t2009 cn ad|||r|||| 00| 0 eng d | ||
| 040 |
_aCO-BoIAVH _cCO-BoIAVH |
||
| 041 | 0 | _aeng | |
| 044 | _acn | ||
| 082 | 0 | 4 |
_a333.956137 _bS41s2 |
| 245 | 0 | 0 |
_aScientific synthesis of the impacts of ocean acidification on marine biodiversity / _cSecretariat of the Convention on Biological Diversity |
| 260 |
_aMontreal, Canadá : _bSecretariat of the Convention on Biological Diversity, _cc2009. |
||
| 300 |
_a61 páginas : _bilustraciones, tablas y gráficas ; _c28 x 21 cm. |
||
| 490 | 0 |
_aCBD Technical Series ; _v46 |
|
| 650 | 2 | 6 | _aBiología marina |
| 650 | 2 | 6 | _aBiodiversidad |
| 650 | 2 | 6 | _aZonas marinas |
| 650 | 2 | 6 |
_aAcidificación de los océanos _ximpacto |
| 710 | 2 | _a Secretariat of the Convention on Biological Diversity. | |
| 942 |
_2ddc _cLIBRO |
||
| 999 |
_c18878 _d18878 |
||